00788nam a2200181 a 450000100100000000500170001000800410002704000250006808200150009310000470010824501490015526000460030430000200035050000880037004900090045895201220046799900170058900002813320240227073914.0110406s1963 dr 000 0 spa d aDO-SdBNPbspacBNPHU axxxbH519o1 aHenríquez Ureña, Max,d1885-19689262110aOración del centenario :bdiscurso pronunciado el 16 de agosto de 1963, en la ciudad de Santiago de los Caballeros /cMax Henríquez Ureña. aSanto Domingo :bEditora Montalvo,c1963. a29 p. ;c24 cm. aEn la cabeza del título: Primer Centenario de la Restauración de la República aBNPD 001054708PDaPDbPDcCTd2011-04-06iLF1l0oxxx H519op28133-10r2020-06-25w2020-06-25yLFPDZPréstamo en sala c27625d27625